000 00520 a2200133 4500
245 _aAlone of all her sex
_b : the myth and the cult of the Virgin Mary
_hprint
020 _a0394711556 (pbk.) :
250 _a1st Vintage Books ed.
700 _aWarner, Marina
005 20191017174013.0
260 _anyu
_bVintage Books
_c1983, c1976
084 _aBT602 .W37 1983
300 _axxv, 400, xix p., [40] p. of plates : ill. (some c
_bxxv, 400, xix p., [40] p. of plates
_cxxv, 400, xix p., [40] p. of plates : ill. (some c
500 _aMarina Warner.
999 _c11033
_d11033